000 00467nam a2200133 a 4500
008 120416s1967 ||||||||||||||||| || u
050 _aT 210 New
100 _aNewby, Frank
245 1 0 _aHow to find out about patents
260 _aOxford
_bPergamon Press
_c1967
300 _axi, 177p. : ill.
350 _a0.00
995 _D0.00
_FCBU-MAIN LIBRARY (Kitwe)
_H1
_I4.00
_M1
_UAVAILABLE
_ZAnnex Low-Usage Collection
999 _c45805
_d45805